000 00887cab a2200181 4500
001 L130164
008 050629n2005 000 0 eng u
035 _a(Sirsi) u130164
041 _aeng
100 _aFletcher, Jon
245 _aRunning for cover
260 _c2005
490 _aQS Week
_v(9) 22 June 2005, 10-11(2)
520 _aDiscusses the benefits of self-insurance over professional indemnity for cheaper premiums. Mentions that some QSs are now considering following certain architect firms who set up a closed assurance system after a period of high premiums 30 years ago. The RIBA Insurance Agency was set up for this purpose and now covers a third of RIBA registered practices and it is aimed at firms with an annual income under £35 000.
590 _aIKA040705
690 _aMANAGEMENT-BUSINESS MANAGEMENT-INSURANCE-PROFESSIONAL INDEMNITY INSURANCE
942 _n0
999 _c75477
_d75477